000 005790000a22002170004500
003 LK-CoMWRAF
005 20231102153859.0
008 230817t ||||| |||| 00| 0 eng d
020 _a8185063753
040 _aLK-CoMWRAF
_dLK-CoMWRAF
_eLK-CoMWRAF
041 _aeng
082 _a305.48
_bKHA
100 _aKhan, Maulana Wahiduddin
245 _aWoman between Islam and Western society
260 _bGoodword
_aNew Delhi
_c2002
300 _ap.252
650 _aMuslim women--India
650 _aIslam--Social aspects--India
650 _aWomen--West (U.S.)
942 _cBK
999 _c934
_d934